Multisystemic factors in female adolescent gang participation

Guardado en:  
Detalles Bibliográficos
Autor principal: Eaton, Holli M. H. (Autor)
Tipo de documento: Print Libro
Lenguaje:Inglés
Publicado: 1999
En:Año: 1999
Verificar disponibilidad: HBZ Gateway
Servicio de pedido Subito: Pedir ahora.
Palabras clave:

MARC

LEADER 00000cam a2200000 c 4500
001 1173260048
003 DE-627
005 20220524141247.0
007 tu
008 030213s1999 xx ||||| m 00| ||eng c
024 8 |a 3051570  |q Order no. 
035 |a (DE-627)1173260048 
035 |a (DE-576)103260048 
035 |a (DE-599)BSZ103260048 
035 |a (OCoLC)314382577 
040 |a DE-627  |b ger  |c DE-627  |e rakwb 
041 |a eng 
100 1 |a Eaton, Holli M. H.  |4 aut 
245 1 0 |a Multisystemic factors in female adolescent gang participation  |c by Holli M. H. Eaton 
264 1 |c 1999 
300 |a VI, 68 S. 
336 |a Text  |b txt  |2 rdacontent 
337 |a ohne Hilfsmittel zu benutzen  |b n  |2 rdamedia 
338 |a Band  |b nc  |2 rdacarrier 
502 |a Azusa Pacific Univ., Diss., 1999 
583 1 |a Archivierung prüfen  |c 20200919  |f DE-640  |z 2  |2 pdager 
655 7 |a Hochschulschrift  |0 (DE-588)4113937-9  |0 (DE-627)105825778  |0 (DE-576)209480580  |2 gnd-content 
951 |a BO 
ELC |b 1 
LOK |0 000 xxxxxcx a22 zn 4500 
LOK |0 001 2422908047 
LOK |0 003 DE-627 
LOK |0 004 1173260048 
LOK |0 005 20051222153144 
LOK |0 008 050930||||||||||||||||ger||||||| 
LOK |0 040   |a DE-21  |c DE-627  |d DE-21 
LOK |0 852   |z Erschienen im Verlag Univ. Microfilms Internat., Ann Arbor, 2005 
LOK |0 852   |a DE-21 
LOK |0 852 1  |c KB 20 A 1682  |9 00 
LOK |0 935   |a krim 
LOK |0 936ln  |a k11.1.4.3 
LOK |0 938   |l 22/12/05  |8 6 
LOK |0 939   |a 30-09-05  |b l01 
ORI |a SA-MARC-krimdoka001.raw